[Event "Sardinia World Open A"]
[Site "Orosei ITA"]
[Date "2026.05.08"]
[Round "7.3"]
[White "Karthikeyan, Murali"]
[Black "Jacobson, Brandon"]
[Result "1-0"]
[WhiteTitle "GM"]
[BlackTitle "GM"]
[WhiteElo "2648"]
[BlackElo "2594"]
[WhiteFideId "5074452"]
[BlackFideId "30901561"]
[EventDate "2026.05.03"]

1. e4 e5 2. Nf3 Nc6 3. d4 exd4 4. Nxd4 Qf6 5. Nf3 Bb4+ 6. c3 Bc5 7. Be2 d6 8.
Nbd2 Nge7 9. Nc4 a5 10. O-O Be6 11. Ng5 O-O 12. Kh1 b5 13. Nxe6 fxe6 14. Ne3 b4
15. Qc2 bxc3 16. bxc3 d5 17. exd5 exd5 18. Rb1 Rae8 19. Rb5 Qd6 20. Bd3 h6 21.
Qd1 Ne5 22. Bc2 Ra8 23. f4 Nd7 24. Ng4 c6 25. Rb7 Nf5 26. Re1 Rab8 27. Rxb8 Qxb8
28. Bxf5 1-0

[Event "Sardinia World Open A"]
[Site "Orosei ITA"]
[Date "2026.05.08"]
[Round "7.4"]
[White "Maghsoodloo, Parham"]
[Black "Ohanyan, Emin"]
[Result "1-0"]
[WhiteTitle "GM"]
[BlackTitle "GM"]
[WhiteElo "2710"]
[BlackElo "2508"]
[WhiteFideId "12539929"]
[BlackFideId "13312022"]
[EventDate "2026.05.03"]

1. d4 d5 2. Nf3 Nf6 3. Bf4 c5 4. e3 Nc6 5. c3 Qb6 6. Qc2 Nh5 7. Be5 f6 8. dxc5
Qxc5 9. Bd4 Qa5 10. b4 Qc7 11. c4 e5 12. cxd5 exd4 13. Nxd4 Bxb4+ 14. Kd1 Bg4+
15. Kc1 Rd8 16. dxc6 Rxd4 17. exd4 Qf4+ 18. Nd2 Ba3+ 19. Kb1 bxc6 20. f3 Be6 21.
Bc4 Bxc4 22. Nxc4 O-O 23. Qd3 Qg5 24. g4 Rb8+ 25. Kc2 Nf4 26. Qxa3 Qd5 27. Nd2
Ne2 28. Rhe1 Nxd4+ 29. Kc1 h5 30. Rb1 Rd8 31. Rb2 hxg4 32. fxg4 c5 33. Qd3 Qg5
34. h3 Kh8 35. Kb1 1-0

[Event "Sardinia World Open A"]
[Site "Orosei ITA"]
[Date "2026.05.08"]
[Round "7.5"]
[White "Puranik, Abhimanyu"]
[Black "Zeng, Chongsheng"]
[Result "1-0"]
[WhiteTitle "GM"]
[BlackTitle "GM"]
[WhiteElo "2607"]
[BlackElo "2557"]
[WhiteFideId "5061245"]
[BlackFideId "8603847"]
[EventDate "2026.05.03"]

1. d4 Nf6 2. c4 g6 3. Nc3 Bg7 4. e4 d6 5. Be2 O-O 6. Nf3 Na6 7. O-O e5 8. Bg5 h6
9. Be3 Qe7 10. dxe5 dxe5 11. Nd5 Qd8 12. Nxf6+ Qxf6 13. c5 Rd8 14. Qa4 Nb8 15.
Rfd1 Nc6 16. Rxd8+ Qxd8 17. Rd1 Qe7 18. h3 Bd7 19. Qb3 Rb8 20. Bc4 Be8 21. Bd5
b5 22. h4 Nd4 23. Nxd4 exd4 24. Bf4 g5 25. hxg5 hxg5 26. Bd2 c6 27. Qg3 Qe5 28.
f4 Qe7 29. Bb3 Qxc5 30. Rc1 Qe7 31. fxg5 Rb6 32. g6 c5 33. Bd5 Kf8 34. gxf7 Bxf7
35. Rf1 Rf6 36. Rxf6 Qxf6 37. Qb8+ Be8 38. Bf4 Ke7 39. Bc7 1-0

[Event "Sardinia World Open A"]
[Site "Orosei ITA"]
[Date "2026.05.08"]
[Round "7.6"]
[White "Sonis, Francesco"]
[Black "Idani, Pouya"]
[Result "1/2-1/2"]
[WhiteTitle "GM"]
[BlackTitle "GM"]
[WhiteElo "2556"]
[BlackElo "2594"]
[WhiteFideId "895733"]
[BlackFideId "12510130"]
[EventDate "2026.05.03"]

1. e4 c5 2. Nf3 d6 3. d4 cxd4 4. Nxd4 Nf6 5. Bb5+ Bd7 6. c4 Bxb5 7. Nxb5 a6 8.
N5c3 e6 9. O-O Nbd7 10. Qe2 Rc8 11. b3 Be7 12. Bb2 h5 13. Nd2 h4 14. Nf3 Qa5 15.
Rad1 Qh5 16. Rfe1 Ng4 17. h3 Nge5 18. Nxe5 Qxe2 19. Nxe2 dxe5 20. Nc1 f6 21. Nd3
Kf7 22. Kf1 Rc7 23. Rc1 Rhc8 24. Ke2 g5 25. f3 a5 26. Bc3 b6 27. Bd2 Ba3 1/2-1/2

[Event "Sardinia World Open A"]
[Site "Orosei ITA"]
[Date "2026.05.08"]
[Round "7.7"]
[White "Lodici, Lorenzo"]
[Black "Smirin, Ilia"]
[Result "0-1"]
[WhiteTitle "GM"]
[BlackTitle "GM"]
[WhiteElo "2590"]
[BlackElo "2562"]
[WhiteFideId "884189"]
[BlackFideId "2801990"]
[EventDate "2026.05.03"]

1. e4 c5 2. Nf3 d6 3. d4 cxd4 4. Nxd4 Nf6 5. Nc3 Nc6 6. Bg5 Bd7 7. Nxc6 Bxc6 8.
Bxf6 gxf6 9. Bc4 Qa5 10. Qe2 e6 11. O-O-O a6 12. f4 O-O-O 13. Rhe1 h5 14. Bb3
Kb8 15. Rd3 f5 16. Kb1 Bg7 17. exf5 Qxf5 18. Qd2 d5 19. Ne4 h4 20. a4 Rc8 21.
Ng5 Qf6 22. c3 Bh6 23. Rh3 Rcd8 24. Rxh4 d4 25. g3 Bg7 26. Rxh8 Bxh8 27. Rd1 Qe7
28. Qc2 Rc8 29. cxd4 Bxa4 30. Qd3 Bb5 31. Qd2 Bc6 32. h4 Rd8 33. Qe3 Qb4 34. Qc3
Qb6 35. Nxf7 Be4+ 36. Ka2 Bxd4 37. Qd2 Bd5 38. Bxd5 Rxd5 39. Qe2 Ra5+ 40. Kb1
Bxb2 41. Rd6 Ra1+ 42. Kc2 Qc5+ 43. Kxb2 Qa3+ 44. Kc2 Rc1+ 0-1

[Event "Sardinia World Open A"]
[Site "Orosei ITA"]
[Date "2026.05.08"]
[Round "7.8"]
[White "Prraneeth, Vuppala"]
[Black "Sokolovsky, Yahli"]
[Result "1-0"]
[WhiteTitle "GM"]
[BlackTitle "GM"]
[WhiteElo "2515"]
[BlackElo "2564"]
[WhiteFideId "46622373"]
[BlackFideId "2820242"]
[EventDate "2026.05.03"]

1. e4 e5 2. Nf3 Nc6 3. Bb5 a6 4. Ba4 Nf6 5. O-O Be7 6. Re1 b5 7. Bb3 d6 8. c3
O-O 9. h3 Be6 10. Bxe6 fxe6 11. d3 Qe8 12. a4 Nd7 13. Be3 b4 14. Nbd2 d5 15. a5
Rb8 16. Qa4 Nc5 17. Bxc5 Bxc5 18. exd5 exd5 19. d4 Bd6 20. dxe5 Nxe5 21. Nxe5
Bxe5 22. Qd1 bxc3 23. bxc3 Rf5 24. Nf3 c6 25. g4 Rxf3 26. Qxf3 Qe7 27. Qe3 Re8
28. f4 Bd6 29. Qxe7 Bxe7 30. Rab1 Kf8 31. Rb7 1-0

[Event "Sardinia World Open A"]
[Site "Orosei ITA"]
[Date "2026.05.08"]
[Round "7.9"]
[White "Atanasov, Anthony"]
[Black "Saric, Ivan"]
[Result "1-0"]
[WhiteTitle "IM"]
[BlackTitle "GM"]
[WhiteElo "2470"]
[BlackElo "2657"]
[WhiteFideId "2623897"]
[BlackFideId "14508150"]
[EventDate "2026.05.03"]

1. d4 Nf6 2. Nf3 g6 3. c4 Bg7 4. Nc3 d6 5. e4 O-O 6. Rb1 a5 7. Bd3 Bg4 8. d5
Nbd7 9. h3 Bxf3 10. Qxf3 Ne5 11. Qe2 Nxd3+ 12. Qxd3 Nd7 13. Be3 a4 14. O-O c6
15. f4 Qa5 16. Kh2 Nc5 17. Qe2 Bxc3 18. bxc3 Rab8 19. Bd4 Nd7 20. e5 c5 21. Bf2
Qc7 22. Bh4 f6 23. e6 Nb6 24. f5 g5 25. Bg3 Kh8 26. h4 Rg8 27. hxg5 Rxg5 28. Bf4
Rxf5 29. Qg4 Re5 30. Bxe5 dxe5 31. g3 Rg8 32. Qh4 Nc8 33. Rf5 Nd6 34. Rh5 Rg7
35. Kg2 Qd8 36. Rh1 Qg8 37. Rh3 a3 38. Kf1 f5 39. Ke1 f4 40. g4 Nxc4 41. g5 Ne3
42. Rxh7+ Rxh7 43. Qxh7+ Qxh7 44. Rxh7+ Kxh7 45. d6 exd6 46. e7 Kg6 47. e8=Q+
Kxg5 48. Ke2 Kf6 49. c4 Nf5 50. Kf3 Nd4+ 51. Ke4 f3 52. Qb8 Kg5 53. Qxd6 Kh4 54.
Qxe5 Kh3 55. Ke3 b6 56. Kf2 Kg4 57. Qg7+ Kf4 58. Qg6 1-0

[Event "Sardinia World Open A"]
[Site "Orosei ITA"]
[Date "2026.05.08"]
[Round "7.10"]
[White "Aditya, Mittal"]
[Black "Favaloro, Andrea"]
[Result "1-0"]
[WhiteTitle "GM"]
[BlackTitle "IM"]
[WhiteElo "2619"]
[BlackElo "2395"]
[WhiteFideId "35042025"]
[BlackFideId "885940"]
[EventDate "2026.05.03"]

1. d4 d5 2. c4 dxc4 3. e4 e5 4. Nf3 Bb4+ 5. Nc3 exd4 6. Nxd4 Nd7 7. Bxc4 Ngf6 8.
O-O O-O 9. f3 Qe7 10. Be2 Ne5 11. Bg5 Rd8 12. Nd5 Nxd5 13. Bxe7 Nxe7 14. Rc1
N7c6 15. Nxc6 Rxd1 16. Nxb4 Rxc1 17. Rxc1 c6 18. Kf2 Kf8 19. f4 Nd7 20. Ke3 Ke7
21. a4 a5 22. Nd3 f6 23. b3 Nf8 24. f5 Bd7 25. g4 Be8 26. e5 fxe5 27. Nxe5 Nd7
28. Kd4 Nxe5 29. Kxe5 Bf7 30. Bc4 Rd8 31. g5 Rd2 32. f6+ gxf6+ 33. gxf6+ Kf8 34.
h4 Rh2 35. Rd1 Bxc4 36. Rd8+ Kf7 37. Rd7+ Ke8 38. Re7+ Kf8 39. bxc4 Rxh4 40. c5
Rxa4 41. Rxb7 h5 42. Rc7 Ra1 43. Rxc6 a4 44. Rc8+ Kf7 45. Rc7+ Kf8 46. Ra7 a3
47. c6 a2 48. c7 Rc1 49. Ke6 Re1+ 50. Kf5 Rf1+ 51. Kg6 Rg1+ 52. Kh6 Rc1 53.
c8=Q+ Rxc8 54. Kg6 h4 55. Rxa2 h3 56. Ra7 h2 57. Rh7 Kg8 58. f7+ Kf8 59. Rh8+
Ke7 60. Rxc8 1-0

[Event "Sardinia World Open A"]
[Site "Orosei ITA"]
[Date "2026.05.08"]
[Round "7.11"]
[White "Sai, Krishna G V"]
[Black "Dardha, Daniel"]
[Result "1-0"]
[WhiteTitle "IM"]
[BlackTitle "GM"]
[WhiteElo "2443"]
[BlackElo "2602"]
[WhiteFideId "5028280"]
[BlackFideId "240990"]
[EventDate "2026.05.03"]

1. e4 c6 2. d4 d5 3. Nc3 dxe4 4. Nxe4 Nf6 5. Nxf6+ exf6 6. c3 a5 7. Bd3 Na6 8.
Ne2 g6 9. O-O Bg7 10. d5 Nc5 11. Nf4 Nxd3 12. Qxd3 O-O 13. Be3 Bf5 14. Qd4 Re8
15. Rad1 Re4 16. Qd2 Qe8 17. Bd4 Qb8 18. dxc6 bxc6 19. Ne2 Be6 20. f3 Rh4 21. g3
Bh6 22. f4 Rh5 23. b3 a4 24. b4 Bd5 25. Bxf6 Qc8 26. Nd4 c5 27. bxc5 Qxc5 28.
Rb1 Qd6 29. Bg5 Bf8 30. f5 Rc8 31. Bf4 Qd7 32. h4 Ba8 33. Kh2 Bg7 34. Rb4 Bf8
35. Rbb1 Be7 36. Qe2 Qd8 37. Ne6 Qe8 38. Rfe1 Bf6 39. Nc7 Qxe2+ 40. Rxe2 Rxf5
41. Ne8 Bxh4 42. Nd6 Rxf4 43. Nxc8 Bxg3+ 44. Kxg3 Rf3+ 45. Kh2 Rxc3 46. Rb8 Bf3
47. Rd2 Kg7 48. Nd6 h5 49. Rc8 Rxc8 50. Nxc8 g5 51. Rd3 Bg4 52. Nb6 Be6 53. a3
h4 54. Nxa4 g4 55. Nc5 Bc4 56. Rd4 Be2 57. Nd3 Kf6 58. a4 Kg5 59. a5 f5 60. Nf4
Bb5 61. Rb4 Bf1 62. Kg1 Ba6 63. Ne6+ Kf6 64. Nc5 Be2 65. a6 Bf3 66. a7 h3 67.
Ne4+ 1-0

[Event "Sardinia World Open A"]
[Site "Orosei ITA"]
[Date "2026.05.08"]
[Round "7.12"]
[White "Amar, Elham"]
[Black "Kuru, Atilla"]
[Result "1/2-1/2"]
[WhiteTitle "GM"]
[BlackTitle "IM"]
[WhiteElo "2576"]
[BlackElo "2464"]
[WhiteFideId "1533533"]
[BlackFideId "51607948"]
[EventDate "2026.05.03"]

1. e4 c5 2. Nf3 d6 3. d4 cxd4 4. Nxd4 Nf6 5. Nc3 Nc6 6. Bc4 Bd7 7. Bb3 e6 8. Be3
Nxd4 9. Bxd4 b5 10. a3 a5 11. Qd3 Qb8 12. O-O Be7 13. a4 b4 14. Nb5 O-O 15. Rfe1
Bc6 16. f3 Rd8 17. Bf2 Nd7 18. Nd4 Qb7 19. Nxc6 Qxc6 20. Bd5 exd5 21. exd5 Qc8
22. Rxe7 Ne5 23. Qe2 Qf5 24. Qe4 Qxe4 25. fxe4 Kf8 26. Rb7 Rdc8 27. Rc1 Nd3 28.
Rf1 Nxf2 29. Rxf2 f6 30. Rd7 Rd8 31. Rxd8+ Rxd8 32. Re2 Rc8 33. Kf2 Ke7 34. Ke1
Rc4 35. Kd2 Rd4+ 36. Ke3 Rd1 37. Rd2 Rb1 38. b3 Kd7 39. Rf2 Rg1 40. Kd3 Kc7 41.
c3 bxc3 42. Rc2 Kb7 43. Kxc3 Rd1 44. Rd2 Rc1+ 45. Kd4 Rb1 46. Rd3 Rb2 47. Rg3 g6
48. h3 Rd2+ 49. Kc4 Kb6 50. Rf3 Rc2+ 51. Kd4 Rd2+ 52. Kc4 Rc2+ 53. Kd4 Rd2+ 54.
Rd3 Rxg2 55. Rc3 f5 56. Rc6+ Kb7 57. exf5 gxf5 58. Rxd6 Rg3 59. Rd7+ Kb6 60.
Rxh7 Rxb3 61. Ke5 Ra3 62. Rh6+ Kc7 63. Rh7+ Kb6 64. Rh6+ Kc7 65. Rh4 f4 66. Rxf4
Rxh3 67. Kd4 Kd6 68. Rf6+ Ke7 69. Rf4 Kd6 70. Kc4 Ra3 71. Rf6+ Ke7 72. Re6+ Kd7
73. Kb5 Rd3 74. Kc5 Rc3+ 75. Kd4 Ra3 76. Ra6 Rxa4+ 77. Ke5 Rh4 1/2-1/2

[Event "Sardinia World Open A"]
[Site "Orosei ITA"]
[Date "2026.05.08"]
[Round "7.13"]
[White "Yilmaz, Mustafa"]
[Black "Vagman, Roy"]
[Result "1-0"]
[WhiteTitle "GM"]
[BlackTitle "IM"]
[WhiteElo "2549"]
[BlackElo "2366"]
[WhiteFideId "6302718"]
[BlackFideId "2828995"]
[EventDate "2026.05.03"]

1. d4 Nf6 2. c4 e6 3. Nf3 d5 4. Nc3 Nbd7 5. cxd5 exd5 6. Qc2 c6 7. Bg5 h6 8. Bh4
Be7 9. e3 O-O 10. Bd3 Re8 11. O-O Ne4 12. Bxe4 Bxh4 13. Bh7+ Kh8 14. Nxh4 Qxh4
15. Bd3 Qe7 16. Rab1 Nf6 17. Rfc1 Qd6 18. h3 Bd7 19. b4 Rac8 20. a4 g6 21. Qb2
Kg7 22. b5 cxb5 23. axb5 Rc7 24. Ra1 b6 25. Ra3 Re7 26. Rca1 Be6 27. Na2 Bd7 28.
Qb4 Qe6 29. Nc3 Be8 30. Re1 Qc8 31. f3 Qd8 32. e4 dxe4 33. fxe4 Rcd7 34. d5 Qb8
35. Qd4 Re5 36. Rea1 Rg5 37. Rf1 Re5 38. Nd1 Qd6 39. Ne3 Rg5 40. Rc3 Qe5 41.
Qxe5 Rxe5 42. Rxf6 1-0

[Event "Sardinia World Open A"]
[Site "Orosei ITA"]
[Date "2026.05.08"]
[Round "7.14"]
[White "Lalit Babu M R"]
[Black "Niedbala, Bartlomiej"]
[Result "0-1"]
[WhiteTitle "GM"]
[BlackTitle "IM"]
[WhiteElo "2532"]
[BlackElo "2378"]
[WhiteFideId "5024595"]
[BlackFideId "21834008"]
[EventDate "2026.05.03"]

1. d4 Nf6 2. c4 e6 3. Nf3 d5 4. g3 Bb4+ 5. Bd2 Be7 6. Bg2 O-O 7. O-O Nbd7 8. Qc2
c6 9. Rc1 h6 10. a3 b6 11. cxd5 cxd5 12. Bf4 Bb7 13. Bc7 Qe8 14. Nc3 Rc8 15. Nb5
Nc5 16. a4 Na6 17. Qb3 Nxc7 18. Nxc7 Qd8 19. Nb5 a6 20. Na7 Rxc1+ 21. Rxc1 Qa8
22. Qxb6 Bd8 23. Qc5 Ne4 0-1

[Event "Sardinia World Open A"]
[Site "Orosei ITA"]
[Date "2026.05.08"]
[Round "7.15"]
[White "Hardaway, Brewington"]
[Black "Lortkipanidze, Nodar"]
[Result "1/2-1/2"]
[WhiteTitle "GM"]
[BlackTitle "IM"]
[WhiteElo "2510"]
[BlackElo "2363"]
[WhiteFideId "30941849"]
[BlackFideId "13604058"]
[EventDate "2026.05.03"]

1. e4 e5 2. Nf3 Nc6 3. Bc4 Nf6 4. d3 Be7 5. Nc3 O-O 6. a3 d6 7. h3 Be6 8. Nd5
Bxd5 9. exd5 Nd4 10. Nxd4 exd4 11. O-O Nd7 12. Qg4 Bf6 13. f4 Nb6 14. Ba2 Qd7
15. Bd2 Rfe8 16. Qf3 Re7 17. Rfe1 Rae8 18. Bb3 Rxe1+ 19. Rxe1 Rxe1+ 20. Bxe1 Na4
21. Bxa4 Qxa4 22. Qg4 Qe8 23. Bf2 g6 24. f5 Kg7 25. fxg6 hxg6 26. Bxd4 Qe1+ 27.
Kh2 Be5+ 28. Qf4 Bxd4 29. Qxd4+ Kh7 30. c4 a5 31. Qf6 Qe8 32. b4 axb4 33. axb4
b6 34. Qf4 Qe7 35. h4 Kg7 36. Qd4+ Kg8 37. Qe4 Qf6 38. Kg3 Qc3 39. b5 Kg7 40.
Kf3 Qd2 41. Qd4+ Kg8 42. Qe3 Qc3 43. g4 Kg7 44. Kg3 Qf6 45. Qe4 Qa1 46. Qe3 Qf6
47. Qf3 Qe5+ 48. Kh3 Qd4 49. Kg2 Qb2+ 50. Qf2 Qc3 51. Qe2 Qf6 52. Kg3 Qd4 53.
Kg2 Qf6 54. Qe1 Qd4 55. Qg3 Qf6 56. Kg1 Qd4+ 57. Kf1 Qa1+ 58. Ke2 Qb2+ 59. Ke3
Qc1+ 60. Ke4 Qh1+ 61. Kf4 Qf1+ 62. Ke3 Qc1+ 63. Kf2 Qd2+ 64. Kf1 Qd1+ 65. Kg2
Qe2+ 66. Kg1 Qd1+ 67. Kh2 Qe2+ 68. Kh1 Qf1+ 69. Kh2 Qe2+ 70. Kh1 Qf1+ 71. Kh2 1/2-1/2

[Event "Sardinia World Open A"]
[Site "Orosei ITA"]
[Date "2026.05.08"]
[Round "7.16"]
[White "Velten, Paul"]
[Black "Aamuktha Guntaka"]
[Result "1-0"]
[WhiteTitle "GM"]
[BlackTitle "WFM"]
[WhiteElo "2487"]
[BlackElo "2152"]
[WhiteFideId "681091"]
[BlackFideId "33486697"]
[EventDate "2026.05.03"]

1. d4 Nf6 2. Nf3 e6 3. Bg5 h6 4. Bxf6 Qxf6 5. e4 g5 6. h3 d6 7. c3 Nd7 8. Nbd2
Bg7 9. Be2 b6 10. Qa4 Bb7 11. Bb5 Qd8 12. Bc6 Qc8 13. O-O a6 14. Bxb7 Qxb7 15.
Rfe1 b5 16. Qc2 O-O 17. Nf1 c5 18. Ng3 cxd4 19. cxd4 Rfc8 20. Qd2 Nf8 21. h4
gxh4 22. Nxh4 Qe7 23. Nf3 Ng6 24. Nh5 Nh4 25. Nxh4 Qxh4 26. Nxg7 Kxg7 27. Re3
Kh7 28. Rh3 Qf6 29. Rf3 Qg6 30. Qf4 Rg8 31. Qxf7+ Qxf7 32. Rxf7+ Kg6 33. Rd7
Rgd8 34. Rxd8 Rxd8 35. Rc1 d5 36. e5 Kf5 37. f3 h5 38. Kf2 h4 39. Rc7 Rf8 40. b4
Kg5 41. Ke3 Kf5 42. a3 Kg5 43. Rg7+ Kh5 44. Re7 Rc8 45. Rxe6 Rc3+ 46. Kf4 Rxa3
47. Rd6 Ra2 48. Rxd5 Kg6 49. Rd6+ Kf7 50. Rh6 Rd2 51. Ke4 Rxg2 52. Rxh4 Rb2 53.
Rh7+ Kg8 54. Ra7 Rxb4 55. Rxa6 Rb1 56. Kd5 b4 57. Ke6 b3 58. Ra8+ Kg7 59. Rb8 b2
60. d5 1-0

[Event "Sardinia World Open A"]
[Site "Orosei ITA"]
[Date "2026.05.08"]
[Round "7.17"]
[White "Jaidambareesh N R"]
[Black "Ilinca, Felix-Antonio"]
[Result "0-1"]
[WhiteTitle "FM"]
[BlackTitle "IM"]
[WhiteElo "2373"]
[BlackElo "2486"]
[WhiteFideId "46656391"]
[BlackFideId "54764998"]
[EventDate "2026.05.03"]

1. Nf3 Nf6 2. c4 e6 3. g3 d5 4. d4 Be7 5. Bg2 O-O 6. O-O Nbd7 7. Qc2 a5 8. Nbd2
c5 9. dxc5 Nxc5 10. Ne5 Qc7 11. Ndf3 Bd6 12. Be3 Ncd7 13. Nxd7 Bxd7 14. Rac1
Rac8 15. Qb1 dxc4 16. b3 b5 17. bxc4 bxc4 18. Bb6 Qb8 19. Bxa5 Qxb1 20. Rxb1 Ra8
21. Bc3 Rxa2 22. Bxf6 gxf6 23. Rfd1 Ra6 24. Rbc1 Bb5 0-1

[Event "Sardinia World Open A"]
[Site "Orosei ITA"]
[Date "2026.05.08"]
[Round "7.18"]
[White "Gharibyan, Mamikon"]
[Black "Fulgentini, Edoardo"]
[Result "1-0"]
[WhiteTitle "GM"]
[WhiteElo "2477"]
[BlackElo "2264"]
[WhiteFideId "13308300"]
[BlackFideId "28557050"]
[EventDate "2026.05.03"]

1. e4 c5 2. Nf3 Nc6 3. Bb5 e6 4. c3 d5 5. d3 Be7 6. Bxc6+ bxc6 7. e5 Ba6 8. Qe2
h5 9. h4 c4 10. d4 c5 11. dxc5 Bxc5 12. b4 Bb6 13. a4 Ne7 14. a5 Bc7 15. Bf4 d4
16. Nxd4 Nd5 17. Bg5 Qd7 18. Qe4 Bd8 19. Rh3 Bxg5 20. hxg5 Rd8 21. Rh4 Ne7 22.
Nd2 Nf5 23. Nxf5 Qxd2+ 24. Kf1 Rd5 25. Nd6+ Ke7 26. Rf4 Rf8 27. Re1 Qxc3 28. b5
Bxb5 29. Nxb5 Rxb5 30. Qc6 Qd3+ 31. Kg1 Qd7 32. Qxc4 Rc8 33. Qa4 Rd5 34. Qb4+
Rcc5 35. Rc1 Qb5 36. Rxc5 Rxc5 37. Qd4 Qc6 38. g6 fxg6 39. Rf3 Qd5 40. Qf4 Qxe5
41. Qf7+ Kd8 42. g3 Rc7 43. Rd3+ Kc8 44. Qe8+ Kb7 45. a6+ Kb6 46. Qb8+ Kc6 47.
Qb4 g5 48. Qa4+ Kb6 49. Rb3+ 1-0

[Event "Sardinia World Open A"]
[Site "Orosei ITA"]
[Date "2026.05.08"]
[Round "7.19"]
[White "Perossa, Nicolas"]
[Black "Dronavalli, Harika"]
[Result "0-1"]
[WhiteTitle "FM"]
[BlackTitle "GM"]
[WhiteElo "2332"]
[BlackElo "2470"]
[WhiteFideId "2850520"]
[BlackFideId "5015197"]
[EventDate "2026.05.03"]

1. e4 e5 2. Nf3 Nc6 3. Bb5 a6 4. Ba4 f5 5. d4 exd4 6. e5 b5 7. Bb3 Na5 8. Qxd4
Bb7 9. Bd5 c6 10. Bxg8 Rxg8 11. Qd3 Qe7 12. Nc3 Qe6 13. O-O c5 14. Rd1 h6 15.
Nd5 Bxd5 16. Qxd5 Qxd5 17. Rxd5 Nc4 18. b3 Nb6 19. Rd1 g5 20. a4 Rg6 21. Bd2 Be7
22. Ba5 Nc8 23. Rd5 Ra7 24. b4 Rc6 25. bxc5 Rxc5 26. Rxc5 Bxc5 27. Rb1 Rb7 28.
Ne1 Bb6 29. Bxb6 Nxb6 30. axb5 Nc4 31. Nd3 Rxb5 32. Rxb5 axb5 33. f3 Ke7 34. g3
Ne3 35. Nb4 f4 36. gxf4 gxf4 37. Nd3 Ke6 38. Nxf4+ Kxe5 39. Nd3+ Kd4 40. Ne1 Kc3
41. f4 Kd4 42. Kf2 Ke4 43. Ke2 d6 44. c3 Nd5 45. Kd2 Nxf4 46. Nc2 Nd5 47. Na3
Nc7 48. Ke2 h5 49. Nb1 Kf4 50. Na3 Kg4 51. Kf2 Kh3 52. Kg1 d5 53. Kh1 d4 54.
cxd4 b4 55. Nc4 b3 56. Kg1 Nd5 57. Nb2 Nf4 58. Kf2 Kxh2 59. Kf3 Nd5 60. Kf2 Kh3
61. Kf3 Nb6 62. Nd1 Na4 63. d5 b2 64. Nxb2 Nxb2 65. Ke4 Nc4 66. Kd4 Nb6 67. d6
Kg4 68. Ke3 Kg3 69. Kd4 0-1

[Event "Sardinia World Open A"]
[Site "Orosei ITA"]
[Date "2026.05.08"]
[Round "7.20"]
[White "Vantika, Agrawal"]
[Black "Song, Yuxin"]
[Result "1-0"]
[WhiteTitle "IM"]
[BlackTitle "IM"]
[WhiteElo "2367"]
[BlackElo "2462"]
[WhiteFideId "25050389"]
[BlackFideId "8614300"]
[EventDate "2026.05.03"]

1. d4 Nf6 2. c4 e6 3. Nf3 b6 4. g3 Bb7 5. Bg2 Be7 6. Bf4 O-O 7. Nc3 Bb4 8. Qb3
a5 9. O-O Na6 10. a3 Be7 11. Qc2 c5 12. d5 exd5 13. Nd2 b5 14. cxb5 Nc7 15. Nc4
Ne6 16. Rad1 Nxf4 17. gxf4 Qc7 18. Nxd5 Bxd5 19. Bxd5 Qxf4 20. Qd2 Nxd5 21. Qxd5
Rae8 22. e3 Qh4 23. f4 Bf6 24. a4 Re6 25. Rd2 Rfe8 26. Qf3 Bd8 27. Kh1 g5 28.
Rxd7 Rh6 29. Qf2 Qg4 30. Rfd1 Bf6 31. Qg2 Qxg2+ 32. Kxg2 gxf4 33. b6 fxe3 34. b7
Bd4 35. Rc7 e2 36. Re1 Rg6+ 37. Kh3 Rh6+ 38. Kg4 Rg6+ 39. Kh3 Rh6+ 40. Kg4 Rg6+
41. Kh5 Kg7 42. Rc8 Re4 43. b8=Q h6 44. Rg8+ Kh7 45. Rxe2 Rxe2 46. Rxg6 fxg6+
47. Kg4 h5+ 48. Kf3 Rc2 49. b3 Bc3 50. Qc7+ Kh6 51. Qf4+ Kg7 52. Qc7+ Kh6 53.
Nd6 Bd4 54. Nf7+ Kg7 55. Ng5+ Kh6 56. h4 Bg7 57. Qb8 1-0

[Event "Sardinia World Open A"]
[Site "Orosei ITA"]
[Date "2026.05.08"]
[Round "7.21"]
[White "Negrean, Andrei"]
[Black "Fier, Alexandr"]
[Result "1-0"]
[WhiteTitle "FM"]
[BlackTitle "GM"]
[WhiteElo "2353"]
[BlackElo "2578"]
[WhiteFideId "1291513"]
[BlackFideId "2107139"]
[EventDate "2026.05.03"]

1. e4 c5 2. Nf3 d6 3. d4 cxd4 4. Nxd4 Nf6 5. Nc3 a6 6. Be2 e6 7. f4 Nc6 8. Be3
Be7 9. O-O O-O 10. a4 Bd7 11. Nb3 b6 12. Bf3 Rb8 13. Qe2 Qc8 14. g4 d5 15. e5
Ne8 16. Bf2 Nc7 17. Kh1 b5 18. axb5 Nxb5 19. Na4 d4 20. Nbc5 Be8 21. c4 dxc3 22.
bxc3 Nc7 23. Rfd1 Nd5 24. Bxd5 exd5 25. Nxa6 Rb3 26. N6c5 Rb8 27. f5 f6 28. exf6
Bxf6 29. Bg3 d4 30. Bxb8 Qxb8 31. Ne6 dxc3 32. Nxf8 Kxf8 33. Nc5 Ne5 34. Kg1 Bc6
35. Ne6+ Kg8 36. Nd4 Bd5 37. Ra5 Qb7 38. Qb5 Qxb5 39. Rxb5 Be4 40. g5 c2 41.
Nxc2 Bxc2 42. Rc1 Bxf5 43. gxf6 gxf6 44. Rc7 1-0

[Event "Sardinia World Open A"]
[Site "Orosei ITA"]
[Date "2026.05.08"]
[Round "7.22"]
[White "Raghav V"]
[Black "Muthaiah, AL"]
[Result "1-0"]
[WhiteTitle "FM"]
[BlackTitle "IM"]
[WhiteElo "2301"]
[BlackElo "2448"]
[WhiteFideId "25922475"]
[BlackFideId "5092442"]
[EventDate "2026.05.03"]

1. e4 c6 2. d4 d5 3. e5 Bf5 4. g4 Be4 5. f3 Bg6 6. e6 Qd6 7. exf7+ Bxf7 8. Nc3
Nd7 9. f4 Ngf6 10. Bh3 Qe6+ 11. Kf1 g5 12. Nf3 h6 13. Kg2 gxf4 14. Re1 Ne4 15.
Bxf4 Rg8 16. Bg3 Qg6 17. g5 e6 18. Nxe4 dxe4 19. Nh4 Qxg5 20. Rxe4 Bd6 21. Nf3
Qg7 22. Bxe6 Bxg3 23. Rg4 Bxe6 24. Rxg7 Rxg7 25. hxg3 Bd5 26. Qd3 O-O-O 27. c4
Bf7 28. Nh4 Rdg8 29. Nf5 Bg6 30. Rf1 Kb8 31. Qe3 Bxf5 32. Rxf5 a6 33. Qf4+ Kc8
34. Rf7 Rg6 35. Kh2 Re6 36. Rxd7 1-0

[Event "Sardinia World Open A"]
[Site "Orosei ITA"]
[Date "2026.05.08"]
[Round "7.23"]
[White "Stanford, Maxim Barth"]
[Black "Bai, Adelard"]
[Result "0-1"]
[WhiteTitle "IM"]
[BlackTitle "IM"]
[WhiteElo "2273"]
[BlackElo "2436"]
[WhiteFideId "408280"]
[BlackFideId "16301188"]
[EventDate "2026.05.03"]

1. e4 d6 2. d4 Nf6 3. Nc3 e5 4. dxe5 dxe5 5. Qxd8+ Kxd8 6. Bc4 Ke8 7. Nf3 Bd6 8.
h3 a6 9. a4 Nc6 10. O-O Nb4 11. Bb3 Be6 12. Bg5 Bxb3 13. cxb3 Nd7 14. Na2 Nxa2
15. Rxa2 f6 16. Be3 Bc5 17. Bd2 a5 18. Raa1 Kf7 19. Rfc1 Rhd8 20. Kf1 b6 21. Rc4
Bd6 22. Be3 Nf8 23. Ke2 Ne6 24. Rac1 Rd7 25. Ne1 Bc5 26. Bxc5 Nxc5 27. Rxc5 bxc5
28. Nf3 Rb8 29. Nd2 Rbd8 30. Nc4 Rd3 31. Rc3 Rxc3 32. bxc3 Ra8 33. Kd3 Ke6 34.
f3 g6 35. g4 h5 36. gxh5 gxh5 37. Ne3 Rg8 38. Nf5 Rg2 39. Kc4 Rf2 40. b4 cxb4
41. cxb4 axb4 42. Kxb4 Rxf3 43. a5 Rxf5 44. exf5+ Kd7 45. Kc5 Kc8 46. Kd5 Kb7
47. h4 Ka6 48. Ke6 e4 49. Kxf6 e3 50. Kg7 e2 51. f6 e1=Q 52. f7 Qe7 53. Kg8 c5
54. f8=Q Qxf8+ 55. Kxf8 c4 0-1